000 01611cam a22002054a 4500
005 20250605164237.0
008 250528s ||||||||||||||||||||||||d
035 _a21184
020 _a9781403916235
040 _aGR-AtMCL
_bgre
_dGR-AtMCL
_eAACR2
245 1 _aCorporate Treasury and Cash Management
250 _a1st
260 _bPalgrave Macmillan,
_c2004
300 _a418
520 _aThis book is an analysis of the practice of corporate treasury and cash management together with a study of the principal financial instruments and markets used by the corporate treasurer. List of Figure and Tables, Acknowledgements, Risk Management, Risk Management: Introduction, Treasury Policies for Debt and Foreign Exchange and Interest Rate Exposure Management, Debt Capacity, Financing Alternatives, Bank Finance, Bond Valuation and Credit Ratings, The Bond Markets, Specialist Financings: Asset Securitization, The Use of Derivatives to Manage Risk, An Outline of Options, Foreign Exchange (FX) Markets and Derivatives, Interest Rate Risk Derivatives and Their Use in Managing Financial Risk, Zero-Coupon Interest Rates and Forward-Forward Rates and Counterparty Exposure for Derivatives and Contracts for Derivatives, Risk Management Summary and Use of Derivatives, Cash and Liquidity Management, Domestic Payment and Collection Instruments and Domestic Clearing, Liquidity Management, Managing the Treasury Systems and Tax and Accounting, Managing the Treasury Function, Treasury Systems, Glossary, Index.
700 1 _aCooper Robert
_97213
942 _cBK
999 _c6252
_d6252